Which Sambucha Video Has More Views? - Statistics

General Stats
  • This quiz has been taken 8 times
  • The average score is 5 of 10
Answer Stats
Question Answer % Correct
Which Sambucha video has more views? I Purposely Got Scammed To See What Would Happen
75%
Which Sambucha short has more views? Can You Buy The Red Ball From Target?
63%
Which Sambucha short has more views? Wikipedia Speedrun
63%
Which Sambucha video has more views? Busting 50 Myths in 1 Hour
50%
Which Sambucha video has more views? I Found YouTube's Most Hidden Feature...
38%
Which Sambucha video has more views? Maps That Will Blow Your Mind
38%
Which Sambucha short has more views? Would You Do This For $1 Trillion?
38%
Which Sambucha video has more views? YouTubers That Copy Other YouTubers
38%
Which Sambucha short has more views? 500 Million Years in 40 Seconds
25%
Which Sambucha short has more views? Which Store Plays The Best Music?
25%
No matching quizzes found
Score Distribution
Percent of People with Each Score
Percentile by Number Answered
Your Score History
You have not taken this quiz